000 00419nam a2200205Ia 4500
001 000833
003 YMCAF
005 20230512160036.0
008 100717s1971 ||||||||||||||||| ||und|d
024 _a833
035 _a815
040 _aYMCAF
_beng
_cIN-KoLT
041 _aeng
082 _aELM-FRI
100 _aFRIER W.T.
245 0 _aELMENTARY METALLU...
260 _c1971
300 _a258
942 _2ddc
_cBK
999 _c649
_d649